| 000 | 01538nam0a2200397 4500 | ||
|---|---|---|---|
| 001 | RU\NLR\BIBL_A\011155824 | ||
| 005 | 201607080504 | ||
| 010 |
_a978-5-9907877-4-2 _95000 |
||
| 021 |
_aRU _b2016-44761 _92873 |
||
| 035 | _a(NLR Aleph) 011155824 | ||
| 035 | _a(NILC)RuMoRGB-008504487 | ||
| 090 |
_a11695557 _c11695557 |
||
| 100 | _a20160617d2016 c y0rusy50 ca | ||
| 101 | 1 |
_arus _cger |
|
| 102 | _aRU | ||
| 105 | _aa|||z|||000ay | ||
| 200 | 1 |
_aРусалка в пруду _e[для младшего и среднего школьного возраста] _fБратья Гримм _g[пер. с нем. П. Полевого] _gхудож. Ирина Петелина |
|
| 210 |
_aМосква _cДельфин _d2016 |
||
| 215 |
_a45, [2] с. _cцв. ил. _d29 |
||
| 225 | 1 | _aСерия "Волшебные слова" | |
| 327 | 1 | _aСодерж.: Русалка в пруду; Гензель и Гретель; Чёрт с тремя золотыми волосками | |
| 333 | _a6+ | ||
| 675 | _a821.112.2-93 | ||
| 686 | 0 | _aШ9(4Г)60-4 | |
| 686 | 0 | _aШ9(4Г)62-4 | |
| 700 | 1 |
_aГримм _bЯ. _f1785-1863 _gЯкоб _3RU\NLR\AUTH\772021 |
|
| 701 | 1 |
_aГримм _bВ. К. _f1786-1859 _gВильгельм Карл _3RU\NLR\AUTH\772018 |
|
| 702 | 1 |
_aПетелина _bИ. _gИрина _4040 |
|
| 801 | 0 |
_aRU _bРГБ _c20160531 _gRCR |
|
| 942 | _cBOOK | ||
| 980 | _aNBR | ||
| 980 | _aNB | ||